| 000 | 00747cab a2200253 4500 | ||
|---|---|---|---|
| 001 | X1265 | ||
| 008 | 090401t1993 xxu||||| |||| 00| 0 eng d | ||
| 035 | _a(Sirsi) u15890 | ||
| 041 | _aeng | ||
| 100 | _aCrease, P. | ||
| 245 | _aBusiness rates : the backdating dilemmma | ||
| 260 | _c1993 | ||
| 350 | _a0 | ||
| 490 |
_aIRRV Journal _vNovember 1993, 261(1) |
||
| 520 | _aSets out the Valuation Officers` position on effective dates for non-domestic rating. | ||
| 650 | _aEFFECTIVE DATE | ||
| 650 | _aN/J ADJUSTMENT | ||
| 650 | _aNON-DOMESTIC RATING (TRANSITIONAL PERIOD) REGULATIONS 1990 | ||
| 650 | _aNON-DOMESTIC RATING | ||
| 650 | _aUNIFORM BUSINESS RATE | ||
| 690 | _aRATING AND VALUATION | ||
| 942 | _n0 | ||
| 948 | _c04/03/1997 | ||
| 999 |
_c10460 _d10460 |
||